Rumunia: Drużyny Superligi Rumuńskiej 23/24 - Statystyki

Ogólne statystyki
  • Ten quiz został rozwiązany 9 razy
  • Średni wynik to 7 z 16
Statystyki odpowiedzi
Nazwa % Poprawnych
CFR Cluj
89%
FCSB
89%
Rapid Bukareszt
78%
Universitatea Craiova
67%
Dinamo Bukareszt
56%
Sepsi Sfantu Gheorghe
56%
Farul Constanta
44%
UTA Arad
44%
ASC Otelul Galati
33%
FC Hermannstadt
33%
Universitatea Cluj
33%
FC Botosani
22%
Poli Iasi
22%
FC Voluntari
11%
Petrolul Ploiesti
11%
FC Universitatea Craiova 1948
0%
Nie znaleziono quizów pasujących do podanych kryteriów
Rozkład punktacji
Procent ludzi z każdym wynikiem
Percentyl według liczby udzielonych odpowiedzi
Twoja historia wyników
Nie rozwiązałeś tego quizu